000 02173nam a2200301 i 4500
001 0000076145
005 20250329165413.0
007 ta
008 190415s2021 000 0 eng d
040 _aCO-CtgCURN
_bspa
_ccoctgcurn
_erda
082 0 _aAPH 2021
_bM149
100 1 _aMachado Pimienta, Kelly Johana,
_eauthor.
_4aut
245 1 0 _aIdentificación de riesgos atmosféricos en espacios confinados en Colombia /
_cKelly Johan Machado Pimienta; Rafael Enrique González Baldovina; Carlos Noel Ríos Gómez.
260 _aCartagena de Indias :
_bCorporación Universitaria Rafael Núñez,
_c2021.
260 4 _c©2021.
300 _a31 hojas.
336 _atext
_btxt
_2rdacontent
337 _aunmediated
_bn
_2rdamedia
338 _avolume
_bnc
_2rdacarrier
504 _aTrabajo de grado (Tecnologo en Atencion Prehospitalaria). Corporación Universitaria Rafael Nuñez. Facultad de Ciencias de la Salud. Tecnologia en Atencion Prehospitalaria, 2021.
520 _a"El presente artculo de revisión tiene como principal objetivo analizar cualitativamente la literatura científica disponible en las bases de datos Scielo Redalyc, Google Académico y páginas web oficiales, empleando como palabras de búsqueda: Accidentes, Espacios Confinados, Gases Inflamables, rescatista, urgencia. Se obtuvo información pertinente relacionada con el objetivo propuesto la cual se presenta en tres secciones: Espacios confinados; identificación de riesgos atmosféricos; evaluación de la peligrosidad de la atmosfera. Dentro de estos, el rescatista de espacios confinados se torna prioritario en cuanto a que es el encargado de atender y salvar la vida de la persona con los elementos de protección adecuado."
650 1 4 _aAtención prehospitalaria
_vTesis y disertaciones academicas.
700 1 _aGonzález Baldovina, Rafael Enrique.
700 1 _aRíos Gómez, Carlos Noel.
856 _uhttps://unicurn.sharepoint.com/:b:/s/biblioteca/EdllCRgAV65Ov3mJW7zORTgBX4CKguoABjlGpPSCs5B6bA?e=Z45qLq
_zClick aqui para ver el recurso en texto completo
942 _2ddc
_cTG
_hAPH 2021
_iM149
999 _c2888
_d2888